Devine la sélection nationale de foot #1 - Statistiques

Statistiques générales
  • Ce quiz a été pris 109 fois
  • Le résultat moyen est 9 sur 12
Statistiques - réponses
Par images Réponse % Correct
France
100%
Japon
96%
Brésil
94%
Irlande
93%
Algérie
92%
Ghana
92%
Espagne
91%
Pologne
78%
Venezuela
73%
Russie
49%
Kosovo
42%
Saint-Marin
26%
Aucun quiz correspondant
Distribution des résultats
% des personnes avec chaque résultat
Percentile par nombre de réponses
Votre historique - résultats
Vous n’avez pas pris ce quiz